[Event "SUI-chT"]
[Site "Switzerland"]
[Date "2023.04.16"]
[Round "1.6"]
[White "Gattenloehner, Sebastian"]
[Black "Patuzzo, Fabrizio"]
[Result "1/2-1/2"]
[WhiteElo "2272"]
[BlackElo "2295"]
[PlyCount "103"]
[EventDate "2023.04.16"]
[EventType "team-tourn"]
[EventRounds "9"]
[EventCountry "SUI"]
[SourceTitle "CBM 213 Extra"]
[Source "ChessBase"]
[SourceDate "2023.05.31"]
[SourceVersion "1"]
[SourceVersionDate "2023.05.31"]
[SourceQuality "1"]
[WhiteTeam "Winterthur"]
[BlackTeam "Mendrisio"]
[WhiteTeamCountry "SUI"]
[BlackTeamCountry "SUI"]

1. e4 b6 2. d4 Bb7 3. Bd3 e6 4. Nf3 d5 5. e5 c5 6. c3 Ne7 7. a3 a5 8. h4 Ba6 9. h5 Bxd3 10. Qxd3 c4 11. Qe2 h6 12. a4 Qd7 13. Nbd2 Na6 14. 0-0 Nc7 15. b3 cxb3 16. Nxb3 Nc6 17. Bd2 Be7 18. Rfb1 0-0 19. Nc1 Rab8 20. Nd3 Rfc8 21. g4 Bf8 22. Kh1 Ne7 23. Nh4 Qc6 24. Rg1 b5 25. g5 hxg5 26. Rxg5 bxa4 27. Rag1 Nf5 28. Qg4 Ne8 29. h6 g6 30. Rxg6+ fxg6 31. Qxg6+ Neg7 32. hxg7 Nxg7 33. Nf4 Qe8 34. Qh6 Kf7 35. Qf6+ Kg8 36. Qh6 Kf7 37. Qf6+ Kg8 38. Nxe6 Rb7 39. Nxf8 Qxf8 40. Qe6+ Kh7 41. Qh3 Kg8 42. Nf5 Rc6 43. e6 Qf6 44. Bh6 Rxc3 45. f3 Rcc7 46. e7 Rxe7 47. Bxg7 Rxg7 48. Nh6+ Kh8 49. Nf7+ Kg8 50. Nh6+ Kh8 51. Nf7+ Kg8 52. Nh6+ 1/2-1/2

[Event "SUI-chT"]
[Site "Switzerland"]
[Date "2022.09.04"]
[Round "5.7"]
[White "Brunner, Nicolas"]
[Black "Gattenloehner, Sebastian"]
[Result "1-0"]
[WhiteElo "2454"]
[BlackElo "2254"]
[PlyCount "81"]
[EventDate "2022.05.01"]
[EventType "team-tourn"]
[EventRounds "9"]
[EventCountry "SUI"]
[SourceTitle "EXT 2023"]
[Source "ChessBase"]
[SourceDate "2022.10.05"]
[SourceVersion "1"]
[SourceVersionDate "2022.10.05"]
[SourceQuality "1"]
[WhiteTeam "Riehen"]
[BlackTeam "Winterthur"]
[WhiteTeamCountry "SUI"]
[BlackTeamCountry "SUI"]

1. d4 d5 2. c4 c6 3. Nf3 Nf6 4. Nc3 e6 5. e3 Nbd7 6. Qc2 Bd6 7. Bd3 dxc4 8. Bxc4 b5 9. Be2 Bb7 10. e4 e5 11. dxe5 Nxe5 12. Nd4 Ng6 13. Nf5 0-0 14. 0-0 Qc7 15. g3 Rfe8 16. Bg5 a6 17. Bxf6 gxf6 18. Rac1 Bf8 19. Nd5 Qd8 20. Nde3 c5 21. Rfd1 Qb6 22. Nd5 Bxd5 23. exd5 Rad8 24. b3 Re5 25. Bf3 Ne7 26. Nxe7+ Bxe7 27. Be4 Kg7 28. f4 Rh5 29. Qe2 Rh6 30. Kg2 Bd6 31. Bf5 Rg8 32. Re1 Kh8 33. Qf3 Qa5 34. Re2 Qc7 35. Kh1 Qb8 36. Rce1 Qd8 37. Re4 Qa8 38. Bd7 Qxd5 39. Rd1 Rxg3 40. Re8+ Kg7 41. Qxd5 1-0

[Event "SUI-chT"]
[Site "Switzerland"]
[Date "2022.06.12"]
[Round "3.8"]
[White "Fecker, Noah"]
[Black "Gattenloehner, Sebastian"]
[Result "1-0"]
[WhiteElo "2387"]
[BlackElo "2254"]
[PlyCount "21"]
[EventDate "2022.05.01"]
[EventType "team-tourn"]
[EventRounds "9"]
[EventCountry "SUI"]
[SourceTitle "EXT 2023"]
[Source "ChessBase"]
[SourceDate "2022.10.05"]
[SourceVersion "1"]
[SourceVersionDate "2022.10.05"]
[SourceQuality "1"]
[WhiteTeam "Zuerich"]
[BlackTeam "Winterthur"]
[WhiteTeamCountry "SUI"]
[BlackTeamCountry "SUI"]

1. e4 c5 2. Nf3 e6 3. d4 cxd4 4. Nxd4 a6 5. Bd3 Bc5 6. Nb3 Ba7 7. Qg4 Nf6 8. Qg3 d6 9. Nc3 Nc6 10. Bd2 Qc7 11. Qxg7 1-0

[Event "SUI-chT"]
[Site "Switzerland"]
[Date "2019.05.04"]
[Round "3.8"]
[White "Hofmann, Michael"]
[Black "Gattenloehner, Sebastian"]
[Result "1/2-1/2"]
[WhiteElo "2298"]
[BlackElo "2262"]
[PlyCount "72"]
[EventDate "2019.03.10"]
[EventType "team-tourn"]
[EventRounds "9"]
[EventCountry "SUI"]
[SourceTitle "CBM 190 Extra"]
[Source "ChessBase"]
[SourceDate "2019.07.15"]
[SourceVersion "1"]
[SourceVersionDate "2019.07.15"]
[SourceQuality "1"]
[WhiteTeam "Reti"]
[BlackTeam "Winterthur"]
[WhiteTeamCountry "SUI"]
[BlackTeamCountry "SUI"]

1. d4 d5 2. Bf4 c5 3. e3 Nc6 4. c3 Nf6 5. Nd2 cxd4 6. exd4 Bf5 7. Ngf3 e6 8. Bb5 Qb6 9. Qb3 Be7 10. Ne5 Rc8 11. Be2 Nd7 12. Nxc6 Rxc6 13. Bb5 Bc2 14. Qxc2 Qxb5 15. Nf3 0-0 16. Rd1 Rfc8 17. Rd3 Ra6 18. a3 Nb6 19. Bc1 Nc4 20. Ne5 Nxe5 21. dxe5 Qa4 22. Qxa4 Rxa4 23. Be3 Re4 24. Kd1 Bc5 25. Bxc5 Rxc5 26. Re1 Rcc4 27. f3 Rxe1+ 28. Kxe1 g5 29. Rd4 Rxd4 30. cxd4 b5 31. Kf2 Kg7 32. g4 f6 33. Ke3 fxe5 34. dxe5 Kg6 35. Kd4 h5 36. h3 hxg4 1/2-1/2

[Event "Verbandsliga Suedbaden 1617"]
[Site "Baden"]
[Date "2017.02.12"]
[Round "6.1"]
[White "Gattenloehner, Sebastian"]
[Black "Schwarz, Michael2222"]
[Result "0-1"]
[WhiteElo "2240"]
[BlackElo "1895"]
[PlyCount "78"]
[EventDate "2016.10.09"]
[EventType "team-tourn"]
[EventRounds "9"]
[EventCountry "GER"]
[SourceTitle "EXT 2022"]
[Source "ChessBase"]
[SourceDate "2021.10.06"]
[SourceVersion "1"]
[SourceVersionDate "2021.10.06"]
[SourceQuality "1"]
[WhiteTeam "Engen"]
[BlackTeam "Baden Baden III"]
[WhiteTeamCountry "GER"]
[BlackTeamCountry "GER"]

1. e4 c5 2. Nf3 d6 3. Be2 g6 4. c3 Bg7 5. 0-0 Nf6 6. Bb5+ Bd7 7. Bxd7+ Qxd7 8. Re1 0-0 9. d4 Nc6 10. d5 Na5 11. Qe2 b5 12. Nbd2 Rab8 13. Nb3 Nc4 14. h3 Rfc8 15. Bf4 a5 16. a4 Nxb2 17. axb5 Qxb5 18. Nxa5 Qxe2 19. Rxe2 Nd3 20. Bd2 Ra8 21. Ra3 Rc7 22. c4 Nb4 23. Nd4 Ne8 24. Nb5 Rd7 25. Bc1 Kf8 26. Nc6 Rxa3 27. Bxa3 Nxc6 28. dxc6 Rd8 29. Ra2 Rc8 30. Na7 Ra8 31. Nb5 f5 32. exf5 gxf5 33. Rd2 Kf7 34. Rd5 Ke6 35. g4 fxg4 36. hxg4 Rc8 37. c7 Nxc7 38. Nxc7+ Rxc7 39. Bc1 Ra7 0-1

[Event "Verbandsliga Suedbaden 1617"]
[Site "Baden"]
[Date "2016.11.20"]
[Round "3.1"]
[White "Metz, Hartmut"]
[Black "Gattenloehner, Sebastian"]
[Result "1-0"]
[WhiteElo "2284"]
[BlackElo "2240"]
[PlyCount "77"]
[EventDate "2016.10.09"]
[EventType "team-tourn"]
[EventRounds "9"]
[EventCountry "GER"]
[SourceTitle "EXT 2022"]
[Source "ChessBase"]
[SourceDate "2021.10.06"]
[SourceVersion "1"]
[SourceVersionDate "2021.10.06"]
[SourceQuality "1"]
[WhiteTeam "Kuppenheim"]
[BlackTeam "Engen"]
[WhiteTeamCountry "GER"]
[BlackTeamCountry "GER"]

1. e4 c5 2. Nf3 e6 3. d4 cxd4 4. Nxd4 a6 5. Nc3 Qc7 6. Bd3 Nf6 7. Bg5 d6 8. Qd2 Be7 9. 0-0-0 b5 10. f4 Bb7 11. Bxf6 gxf6 12. f5 b4 13. Nce2 e5 14. Nf3 d5 15. exd5 Bxd5 16. Bb5+ Bc6 17. Bxc6+ Nxc6 18. Ng3 Rd8 19. Qh6 b3 20. axb3 Qa5 21. Rxd8+ Bxd8 22. c3 Be7 23. Rd1 Qb6 24. Ne4 Na5 25. Nfd2 Qc6 26. Kc2 Rg8 27. g3 Kd8 28. Qxh7 Rf8 29. Qh6 Kc8 30. Qe3 Rd8 31. Qe2 Rd7 32. h4 Rb7 33. h5 Bf8 34. Nc4 Nxb3 35. Ned6+ Bxd6 36. Nxd6+ Kb8 37. Nxb7 Nd4+ 38. Rxd4 exd4 39. Na5 1-0

[Event "Verbandsliga Suedbaden 1617"]
[Site "Baden"]
[Date "2016.10.09"]
[Round "1.1"]
[White "Grunau, Christoph"]
[Black "Gattenloehner, Sebastian"]
[Result "1-0"]
[WhiteElo "2239"]
[BlackElo "2240"]
[PlyCount "50"]
[EventDate "2016.10.09"]
[EventType "team-tourn"]
[EventRounds "9"]
[EventCountry "GER"]
[SourceTitle "EXT 2022"]
[Source "ChessBase"]
[SourceDate "2021.10.06"]
[SourceVersion "1"]
[SourceVersionDate "2021.10.06"]
[SourceQuality "1"]
[WhiteTeam "Heitersheim"]
[BlackTeam "Engen"]
[WhiteTeamCountry "GER"]
[BlackTeamCountry "GER"]

1. e4 c5 2. Nf3 e6 3. d3 Nc6 4. Be2 Nf6 5. 0-0 d5 6. Nbd2 Be7 7. c3 0-0 8. Re1 Qc7 9. a3 b6 10. b4 Bb7 11. Bb2 Rfd8 12. Qc2 Rac8 13. Rac1 cxb4 14. cxb4 dxe4 15. dxe4 Qf4 16. g3 Qh6 17. Bc3 Nd4 18. Nxd4 Rxd4 19. Bxd4 Rxc2 20. Rxc2 Nxe4 21. Nxe4 Bxe4 22. Rc8+ Bf8 23. Be3 g5 24. h4 Qg6 25. Bxg5 h6 1-0

[Event "Perth op"]
[Site "Perth"]
[Date "2009.02.01"]
[Round "5"]
[White "Gattenloehner, Sebastian"]
[Black "McNab, Colin Anderson"]
[Result "1/2-1/2"]
[WhiteElo "2207"]
[BlackElo "2454"]
[PlyCount "76"]
[EventDate "2009.01.30"]
[EventType "swiss"]
[EventRounds "5"]
[EventCountry "SCO"]
[SourceTitle "EXT 2011"]
[Source "ChessBase"]
[SourceDate "2010.11.26"]
[SourceVersion "1"]
[SourceVersionDate "2010.11.26"]
[SourceQuality "1"]

1. e4 g6 2. d4 d6 3. Nc3 Bg7 4. Be3 Nf6 5. h3 c6 6. Qd2 Qa5 7. Nf3 Nbd7 8. Bd3 0-0 9. 0-0 e5 10. dxe5 dxe5 11. Nd5 Qd8 12. Nxf6+ Bxf6 13. Rfd1 Qe7 14. Qc3 Re8 15. Bf1 Bg7 16. Nd2 Nf6 17. f3 Nh5 18. Nc4 Be6 19. Rd2 f5 20. Nd6 Red8 21. Rad1 fxe4 22. Nxe4 Rxd2 23. Rxd2 Nf4 24. Bc5 Qe8 25. b3 b6 26. Bf2 Nd5 27. Qd3 Bf5 28. c4 Nf6 29. Bh4 Nxe4 30. fxe4 Be6 31. Bg5 h6 32. Bh4 Rc8 33. Be2 h5 34. Bg5 Rc7 35. Qd6 Qd7 36. Qb4 Qf7 37. Rd8+ Kh7 38. Qd6 c5 1/2-1/2

[Event "Verbandsliga Sued Baden 0809"]
[Site "Germany"]
[Date "2009.01.11"]
[Round "5.1"]
[White "Schindler, Samuel"]
[Black "Gattenloehner, Sebastian"]
[Result "1/2-1/2"]
[WhiteElo "2275"]
[BlackElo "2207"]
[PlyCount "24"]
[EventDate "2008.09.28"]
[EventType "team"]
[EventRounds "9"]
[EventCountry "GER"]
[SourceTitle "EXT 2010"]
[Source "ChessBase"]
[SourceDate "2010.11.25"]
[SourceVersion "1"]
[SourceVersionDate "2010.11.25"]
[SourceQuality "1"]
[WhiteTeam "Pfullendorf"]
[BlackTeam "Engen"]
[WhiteTeamCountry "GER"]
[BlackTeamCountry "GER"]

1. d4 d5 2. Bf4 c5 3. e3 Nc6 4. c3 Qb6 5. Qb3 c4 6. Qxb6 axb6 7. e4 e6 8. Nd2 b5 9. Be2 Nf6 10. Bf3 Be7 11. g4 Bd7 12. a3 dxe4 1/2-1/2

[Event "Winterthur op"]
[Site "Winterthur"]
[Date "2008.10.05"]
[Round "3"]
[White "Di Berardino, Diego Rafael"]
[Black "Gattenloehner, Sebastian"]
[Result "1/2-1/2"]
[WhiteElo "2471"]
[BlackElo "2207"]
[PlyCount "95"]
[EventDate "2008.10.03"]
[EventType "swiss"]
[EventRounds "9"]
[EventCountry "SUI"]
[SourceTitle "CBM 126 Extra"]
[Source "ChessBase"]
[SourceDate "2008.11.05"]
[SourceVersion "1"]
[SourceVersionDate "2008.11.05"]
[SourceQuality "1"]

1. e4 c5 2. Nf3 e6 3. d4 cxd4 4. Nxd4 a6 5. Bd3 Bc5 6. c3 d6 7. 0-0 Nf6 8. Kh1 e5 9. Nf3 Nc6 10. Qe2 0-0 11. Bg5 h6 12. Bh4 g5 13. Bg3 Bg4 14. Nbd2 Nh5 15. b4 Ba7 16. Nc4 Nf4 17. Bxf4 exf4 18. a4 Bh5 19. b5 Ne5 20. Rfd1 g4 21. Nfxe5 dxe5 22. Bc2 Qg5 23. g3 Rac8 24. b6 Rxc4 25. bxa7 Rc7 26. Rd5 Ra8 27. Qd3 Rxa7 28. Rd8+ Kg7 29. gxf4 Qxf4 30. Qd6 Rc6 31. Qb8 b6 32. Rg8+ Kf6 33. Rd1 Re7 34. Rd6+ Rxd6 35. Qxd6+ Re6 36. Qd8+ Re7 37. Qxb6+ Re6 38. Qd8+ Re7 39. Re8 Qxf2 40. Qxe7+ Kg6 41. Qd6+ Kh7 42. Bd3 Qe1+ 43. Kg2 Qd2+ 44. Kg1 Qd1+ 45. Kf2 Qd2+ 46. Kg1 Qd1+ 47. Kf2 Qd2+ 48. Kg1 1/2-1/2

[Event "SUI-chT"]
[Site "Switzerland"]
[Date "2008.05.25"]
[Round "4.8"]
[White "Karl, Hans"]
[Black "Gattenloehner, Sebastian"]
[Result "1-0"]
[WhiteElo "2250"]
[BlackElo "2201"]
[PlyCount "63"]
[EventDate "2008.03.02"]
[EventType "team-tourn"]
[EventRounds "9"]
[EventCountry "SUI"]
[SourceTitle "EXT 2009"]
[Source "ChessBase"]
[SourceDate "2008.11.26"]
[SourceVersion "1"]
[SourceVersionDate "2008.11.26"]
[SourceQuality "1"]
[WhiteTeam "Mendrisio"]
[BlackTeam "Winterthur"]
[WhiteTeamCountry "SUI"]
[BlackTeamCountry "SUI"]

1. d4 d5 2. c4 c6 3. e3 Nf6 4. Nc3 e6 5. Nf3 Nbd7 6. Qc2 Bd6 7. g4 Bb4 8. Bd2 0-0 9. Rg1 Qe7 10. 0-0-0 b6 11. g5 Bxc3 12. Bxc3 Ne4 13. Bd3 Ba6 14. Bxe4 dxe4 15. Nd2 b5 16. Nxe4 b4 17. Nf6+ Nxf6 18. gxf6 Qxf6 19. Bxb4 Rfc8 20. Bd6 Qf5 21. e4 Qh5 22. b3 f6 23. Rg3 Rd8 24. Be7 Rd7 25. Bxf6 Qh6+ 26. Bg5 Qxh2 27. Bf4 Qh4 28. Be5 Rf8 29. Rdg1 Rff7 30. f4 g6 31. Qg2 Kf8 32. Rh1 1-0

[Event "AUT-chT2W 0607"]
[Site "Austria"]
[Date "2007.03.02"]
[Round "9.6"]
[White "Gross, David2222"]
[Black "Gattenloehner, Sebastian"]
[Result "1-0"]
[WhiteElo "2471"]
[BlackElo "2210"]
[PlyCount "57"]
[EventDate "2006.10.21"]
[EventType "team"]
[EventRounds "11"]
[EventCountry "AUT"]
[SourceTitle "EXT 2008"]
[Source "ChessBase"]
[SourceDate "2007.11.25"]
[SourceVersion "1"]
[SourceVersionDate "2007.11.25"]
[SourceQuality "1"]

1. e4 c5 2. Nf3 e6 3. d4 cxd4 4. Nxd4 a6 5. Bd3 Bc5 6. Nb3 Ba7 7. 0-0 Nc6 8. Kh1 Nf6 9. Qe2 d6 10. f4 h5 11. Be3 Bxe3 12. Qxe3 e5 13. Nc3 Ng4 14. Qe1 exf4 15. Nd5 Nge5 16. Nxf4 h4 17. h3 Rh6 18. Be2 Kf8 19. c3 Kg8 20. Nd4 Ne7 21. Bd1 Bd7 22. Bb3 Rc8 23. Rd1 Qb6 24. Qf2 Qa5 25. Bxf7+ Nxf7 26. Nd5 Nxd5 27. Qxf7+ Kh8 28. Qxd7 Rd8 29. Qxb7 1-0

[Event "SUI-chT"]
[Site "Switzerland"]
[Date "2007.02.25"]
[Round "1.7"]
[White "Riff, Vincent"]
[Black "Gattenloehner, Sebastian"]
[Result "1-0"]
[WhiteElo "2251"]
[BlackElo "2239"]
[PlyCount "89"]
[EventDate "2007.02.25"]
[EventType "team-tourn"]
[EventRounds "9"]
[EventCountry "SUI"]
[SourceTitle "CBM 117 Extra"]
[Source "ChessBase"]
[SourceDate "2007.05.09"]
[SourceVersion "1"]
[SourceVersionDate "2007.05.09"]
[SourceQuality "1"]
[WhiteTeam "Reichenstein"]
[BlackTeam "Winterthur"]
[WhiteTeamCountry "SUI"]
[BlackTeamCountry "SUI"]

1. Nf3 d5 2. e3 Nf6 3. c4 c6 4. b3 Bg4 5. Bb2 e6 6. Be2 Nbd7 7. 0-0 Bd6 8. d4 0-0 9. h3 Bh5 10. Nc3 Qe7 11. Qc2 Ba3 12. Bxa3 Qxa3 13. c5 Bxf3 14. Bxf3 e5 15. Rfb1 exd4 16. exd4 b5 17. b4 Rfe8 18. Rb3 Qa6 19. Be2 Qb7 20. a4 a6 21. Rba3 Nf8 22. Qa2 Ne6 23. axb5 Nxd4 24. b6 Qe7 25. Rxa6 Rab8 26. Bf1 Qe5 27. Ra8 Nd7 28. Rxb8 Nxb8 29. Qb2 g5 30. Ra2 Ne6 31. Qc1 Qd4 32. Rb2 h6 33. Ne2 Qe5 34. Ng3 Nd4 35. Ra2 f5 36. Ra7 f4 37. Qb1 Re7 38. Qg6+ Rg7 39. Rxg7+ Qxg7 40. Qd6 Qf8 41. Qe5 fxg3 42. Qxd4 gxf2+ 43. Qxf2 Qe7 44. Qf5 Qe3+ 45. Kh1 1-0

[Event "AUT-chT2W 0607"]
[Site "Austria"]
[Date "2007.01.26"]
[Round "7.5"]
[White "Gattenloehner, Sebastian"]
[Black "Peterwagner, Heinz"]
[Result "1-0"]
[WhiteElo "2232"]
[BlackElo "2213"]
[PlyCount "79"]
[EventDate "2006.10.21"]
[EventType "team"]
[EventRounds "11"]
[EventCountry "AUT"]
[SourceTitle "EXT 2008"]
[Source "ChessBase"]
[SourceDate "2007.11.25"]
[SourceVersion "1"]
[SourceVersionDate "2007.11.25"]
[SourceQuality "1"]

1. e4 c5 2. Nf3 Nc6 3. d4 cxd4 4. Nxd4 Nf6 5. Nc3 e5 6. Ndb5 d6 7. Bg5 a6 8. Na3 b5 9. Nd5 Qa5+ 10. Bd2 Qd8 11. Bd3 Nxd5 12. exd5 Nb8 13. c4 bxc4 14. Nxc4 Nd7 15. Qa4 Rb8 16. Ba5 Qg5 17. 0-0 Rb5 18. Nb6 Rxb6 19. Bxb6 Be7 20. Be3 Qh4 21. Qxh4 Bxh4 22. Rac1 0-0 23. Bf5 Nb6 24. Bxc8 Nxc8 25. Rc6 Rd8 26. Rfc1 Ne7 27. Rxa6 Nxd5 28. Rd1 Nxe3 29. fxe3 Be7 30. Rc6 Rd7 31. Rc8+ Bd8 32. Rc6 Be7 33. b4 f5 34. b5 Rb7 35. b6 Kf7 36. a4 Ke6 37. a5 Kd7 38. Rdc1 Bd8 39. a6 Rxb6 40. a7 1-0

[Event "SUI-chT"]
[Site "Switzerland"]
[Date "2006.09.03"]
[Round "7.8"]
[White "Gattenloehner, Sebastian"]
[Black "Friedrich, Norbert"]
[Result "0-1"]
[WhiteElo "2243"]
[BlackElo "2286"]
[PlyCount "79"]
[EventDate "2006.02.26"]
[EventType "team-tourn"]
[EventRounds "9"]
[EventCountry "SUI"]
[SourceTitle "EXT 2007"]
[Source "ChessBase"]
[SourceDate "2006.11.23"]
[SourceVersion "1"]
[SourceVersionDate "2006.11.23"]
[SourceQuality "1"]
[WhiteTeam "Winterthur"]
[BlackTeam "Zuerich"]
[WhiteTeamCountry "SUI"]
[BlackTeamCountry "SUI"]

1. e4 c5 2. Nf3 e6 3. d4 cxd4 4. Nxd4 a6 5. Nc3 Qc7 6. Bd3 Nf6 7. 0-0 Bc5 8. Nb3 Be7 9. a4 b6 10. f4 d6 11. e5 Nfd7 12. exd6 Bxd6 13. Ne4 Be7 14. f5 exf5 15. Ng3 Nf6 16. Bf4 Qb7 17. Nd4 0-0 18. Ndxf5 Bxf5 19. Nxf5 Bc5+ 20. Kh1 Nbd7 21. Qe1 Rfe8 22. Qg3 g6 23. Bd6 Qc6 24. Bxc5 Qxc5 25. Nh6+ Kg7 26. Qh3 Ne5 27. Qh4 Re6 28. Rae1 Rae8 29. Rd1 Qe3 30. Nf5+ gxf5 31. Bxf5 Ng6 32. Qc4 Re5 33. Qc6 Qc5 34. Qf3 Qe7 35. Bh3 Rd8 36. Ra1 Re3 37. Qf2 Rd4 38. Qf5 Rde4 39. Qg5 Re1 40. Qg3 0-1

[Event "Verbandsliga Sued Baden 0506"]
[Site "Germany"]
[Date "2006.01.15"]
[Round "5.1"]
[White "Gattenloehner, Sebastian"]
[Black "Ackermann, Daniel"]
[Result "1/2-1/2"]
[WhiteElo "2179"]
[BlackElo "2253"]
[PlyCount "45"]
[EventDate "2005.10.16"]
[EventType "team"]
[EventRounds "9"]
[EventCountry "GER"]
[SourceTitle "EXT 2007"]
[Source "ChessBase"]
[SourceDate "2006.11.23"]
[SourceVersion "1"]
[SourceVersionDate "2006.11.23"]
[SourceQuality "1"]
[WhiteTeam "Engen"]
[BlackTeam "Gernsbach"]
[WhiteTeamCountry "GER"]
[BlackTeamCountry "GER"]

1. e4 c5 2. Nf3 e6 3. d4 cxd4 4. Nxd4 Nf6 5. Nc3 Nc6 6. Nxc6 bxc6 7. e5 Nd5 8. Ne4 Bb7 9. Be2 c5 10. 0-0 Qb6 11. Nd6+ Bxd6 12. exd6 c4 13. Bxc4 Qxd6 14. Bxd5 Qxd5 15. Qxd5 Bxd5 16. b3 0-0 17. c4 Bc6 18. Ba3 Rfe8 19. Bd6 e5 20. Rfe1 e4 21. Rad1 a6 22. Re3 Re6 23. Rd2 1/2-1/2